[Event "Russia Cup"]
[Site "St Petersburg RUS"]
[Date "2009.11.04"]
[Round "1.2"]
[White "Lastin,A"]
[Black "Popov,Val"]
[Result "1/2-1/2"]
[WhiteElo "2656"]
[BlackElo "2588"]

1.e4 c5 2.Nf3 d6 3.Bb5+ Nd7 4.O-O Nf6 5.d4 a6 6.Bxd7+ Nxd7 7.Nc3 e6 8.Bg5 Qc7
9.d5 e5 10.a4 h6 11.Bh4 g6 12.Nd2 Bg7 13.Nc4 Nb6 14.Ne3 O-O 15.g4 Bd7 16.Kh1 Rfb8
17.Rg1 Be8 18.Qf3 g5 19.Bg3 Nc8 20.h4 b5 21.hxg5 hxg5 22.axb5 axb5 23.Nf5 b4
24.Rxa8 Rxa8 25.Nd1 Ra1 26.Nde3 Rxg1+ 27.Kxg1 f6 28.c3 bxc3 29.bxc3 Bf8 30.Bh2 Bg6  1/2-1/2

[Event "3rd Asian Indoor Team Rapid Prelim"]
[Site "Ha Long City VIE"]
[Date "2009.11.05"]
[Round "4"]
[White "Antonio,R"]
[Black "Le Quang Liem"]
[Result "0-1"]
[WhiteElo "2574"]
[BlackElo "2635"]

1.e4 c5 2.Nf3 d6 3.Bb5+ Nc6 4.O-O Bd7 5.Re1 Nf6 6.Nc3 e6 7.d3 Be7 8.Bxc6 Bxc6
9.e5 dxe5 10.Nxe5 Rc8 11.a4 O-O 12.Bg5 h6 13.Bh4 Nd5 14.Bxe7 Nxe7 15.Nb5 Ra8
16.Qh5 a6 17.Nc3 Rc8 18.Nxc6 Nxc6 19.Ne4 Nd4 20.Rac1 Qd5 21.Qxd5 exd5 22.Nd6 Rc6
23.Nxb7 Rb8 24.Na5 Re6 25.Rxe6 fxe6 26.Kf1 Rxb2 27.c4 Ne2 28.Rd1 Nf4 29.Nc6 Kf8
30.Ne5 Ke7 31.Re1 Kd6 32.Nf7+ Kc7 33.Ne5 Rd2 34.cxd5 exd5 35.Rc1 Kd6 36.Nf7+ Ke7
37.Ne5 Ke6 38.Re1 Kd6 39.Nf7+ Kc7 40.g3 Nxd3 41.Re7+ Kb6 42.f4 c4 43.Re6+ Ka5
44.Rc6 Nb4 45.Rc5+ Kxa4 46.Ne5 Kb3 47.Nf3 Rd3 48.Ke2 c3 49.f5 d4 50.g4 Re3+  0-1

[Event "13th OIBM"]
[Site "Bad Wiessee GER"]
[Date "2009.11.06"]
[Round "8"]
[White "Keller,M1"]
[Black "Salvermoser,B"]
[Result "1/2-1/2"]
[WhiteElo "2179"]
[BlackElo "2314"]

1.Nf3 c5 2.e4 d6 3.Bb5+ Bd7 4.Bxd7+ Qxd7 5.O-O Nc6 6.c3 Nf6 7.d4 cxd4 8.cxd4 d5
9.e5 Ne4 10.Ne1 h6 11.f3 Ng5 12.Nc3 e6 13.Be3 Bb4 14.Rc1 f5 15.Nd3 Be7 16.Nf4 O-O
17.Ng6 Rfc8 18.Nxe7+ Qxe7 19.Qd2 Qb4 20.Ne2 Qxd2 21.Bxd2 Nf7 22.Rc3 Nfd8
23.Rfc1 Kf7 24.Kf2 g5 25.h4 Kg6 26.hxg5 hxg5 27.b4 b5 28.g4 Ne7 29.Rc7 Ndc6
30.gxf5+ Kxf5 31.Rd7 Rh8 32.Rd6 Rh2+ 33.Ke3 Rxe2+ 34.Kxe2 Nxd4+ 35.Kf2 Kxe5
36.Rd7 Nec6 37.Bxg5 Nxb4 38.f4+ Ke4 39.Re1+ Kd3 40.Rd1+ Kc4 41.Rc1+ Kd3 42.Rd1+ Ke4  1/2-1/2

[Event "3rd Asian Indoor Team Rapid Prelim"]
[Site "Ha Long City VIE"]
[Date "2009.11.06"]
[Round "7"]
[White "Bu Xiangzhi"]
[Black "Kazhgaleyev,M"]
[Result "1-0"]
[WhiteElo "2682"]
[BlackElo "2653"]

1.e4 c5 2.Nf3 d6 3.Bb5+ Nc6 4.O-O Bd7 5.c3 a6 6.Ba4 Nf6 7.Re1 b5 8.Bc2 Bg4
9.h3 Bh5 10.d3 e6 11.Nbd2 Be7 12.Nf1 d5 13.Ng3 Bg6 14.Qe2 Qc7 15.c4 d4 16.b3 Nd7
17.e5 h6 18.Bf4 Rb8 19.h4 O-O 20.h5 Bh7 21.Nh2 Qd8 22.Qf3 Rb6 23.Ng4 Bg5
24.Ne4 Bxf4 25.Qxf4 Kh8 26.Rac1 Qh4 27.Bd1 bxc4 28.Rxc4 Nb4 29.g3 Qe7 30.Qd2 Nd5
31.Qc1 Bxe4 32.Rxe4 Nc3 33.Re1 Rbb8 34.Bf3 Nb6 35.Rxc3 dxc3 36.Qxc3 Rfd8
37.Be4 Qg5 38.Ne3 Rbc8 39.Qa5 Nd5 40.Nc4 Rc6 41.Nd6 Rf8 42.d4 cxd4 43.Bxd5 exd5
44.Kg2 Qxh5 45.Qxd5 Rc2 46.Rh1 Qg6 47.Qxd4 Rxa2 48.Rh4 Qe6 49.Qf4 Re2 50.Nf5 Kh7
51.Rg4 Rg8 52.Nd4 Qd5+ 53.Nf3 Kh8 54.Rh4 Qe6 55.Nd4 Qd5+ 56.Kf1 Rd8 57.Kxe2 Kg8
58.Qe3 Re8 59.Re4 a5 60.Kf1 Rb8 61.Kg1 Rb4 62.Rf4 a4 63.Nf5 Qd1+ 64.Kh2 Rxb3
65.Qd4 Qe1 66.e6 f6 67.Qd7  1-0

[Event "3rd Asian Indoor Team Rapid Prelim"]
[Site "Ha Long City VIE"]
[Date "2009.11.06"]
[Round "8"]
[White "Muminova,N"]
[Black "Karavade,E"]
[Result "1-0"]
[WhiteElo "2347"]
[BlackElo "2413"]

1.e4 c5 2.Nf3 d6 3.Bb5+ Nd7 4.O-O Nf6 5.Re1 a6 6.Bf1 b6 7.d3 Bb7 8.a4 e6
9.Nbd2 Be7 10.h3 O-O 11.b3 Qc7 12.Bb2 Ne5 13.Nxe5 dxe5 14.Qf3 Nd7 15.Qg3 Bf6
16.Nf3 Rac8 17.h4 g6 18.h5 Bc6 19.Nh2 Rfe8 20.Re3 Bg7 21.hxg6 hxg6 22.Qh3 Nf6
23.Be2 b5 24.Qh4 bxa4 25.bxa4 Rb8 26.Bc3 Rb7 27.Rh3 Reb8 28.Bd2 Rb1+ 29.Rxb1 Rxb1+
30.Bf1 Nh5 31.Ng4 Rd1 32.Bh6 Bh8 33.Qg5 Qb8 34.Rxh5 Rxf1+ 35.Kh2 Qb1 36.Nf6+ Bxf6
37.Qxf6 Rh1+ 38.Kg3  1-0

[Event "Frauenbundesliga 2009-10"]
[Site "Germany GER"]
[Date "2009.11.07"]
[Round "1"]
[White "Kulovana,E"]
[Black "Zakurdjaeva,I"]
[Result "1-0"]
[WhiteElo "2287"]
[BlackElo "2323"]

1.e4 c5 2.Nf3 d6 3.Bb5+ Bd7 4.Bxd7+ Qxd7 5.c4 g6 6.Nc3 Bg7 7.d4 cxd4 8.Nxd4 Nf6
9.f3 O-O 10.Be3 Rc8 11.b3 Nc6 12.Qd2 Qd8 13.O-O a6 14.Nxc6 bxc6 15.Na4 Nd7
16.Rad1 c5 17.f4 Nf6 18.Qc2 Ng4 19.Bc1 Bd4+ 20.Kh1 e6 21.g3 f5 22.h3 Nf6
23.exf5 gxf5 24.Bb2 Bxb2 25.Qxb2 Ne4 26.Rd3 Qc7 27.Kh2 Kf7 28.Nc3 Nf6 29.Rfd1 Rd8
30.Qd2 Qa5 31.Qe1 Qb6 32.Qe2 Rd7 33.g4 fxg4 34.hxg4 h6 35.Rh3 Rg8 36.Rg1 d5
37.Rxh6 Qd6 38.Qf3 Rg6 39.Rxg6 Kxg6 40.cxd5 exd5 41.Kg2 d4 42.Ne4 Qe7 43.f5+ Kg7
44.Nxf6 Qxf6 45.g5 Qe5 46.Rh1 Qd5 47.Kf2 Qxf3+ 48.Kxf3 d3 49.Rd1 d2 50.Ke3 Rd5
51.Rxd2 Rxf5 52.Rg2 Rd5 53.Ke4 Rd4+ 54.Ke5 a5 55.Rc2 a4 56.Rxc5 Rd2 57.bxa4 Rxa2
58.a5 Kg6 59.Kd6 Ra1 60.Kc6 Ra2 61.Kb6 Ra1 62.a6 Rb1+ 63.Rb5  1-0

[Event "3rd Asian Indoor Team Rapid Final"]
[Site "Ha Long City VIE"]
[Date "2009.11.07"]
[Round "2"]
[White "Ni Hua"]
[Black "Dao Thien Hai"]
[Result "1-0"]
[WhiteElo "2655"]
[BlackElo "2524"]

1.e4 c5 2.Nf3 d6 3.Bb5+ Nc6 4.O-O Bd7 5.Re1 a6 6.Bxc6 Bxc6 7.d4 cxd4 8.Nxd4 Rc8
9.c4 Nf6 10.Nc3 g6 11.b3 Bg7 12.Bb2 O-O 13.Qd2 Re8 14.Rad1 Qa5 15.a4 Qb6
16.h3 Nd7 17.Nd5 Qd8 18.Nf3 Bxb2 19.Qxb2 b5 20.axb5 axb5 21.cxb5 Bxb5 22.e5 Bc6
23.exd6 exd6 24.Rxe8+ Qxe8 25.Re1 Qxe1+ 26.Nxe1 Bxd5 27.b4 Bc4 28.Nf3 d5
29.Nd4 Rb8 30.b5 Re8 31.f3 h5 32.h4 Re1+ 33.Kh2 Rd1 34.b6 Ba6 35.Nc6 d4 36.b7 d3
37.b8=Q+ Nxb8 38.Qxb8+ Kg7 39.Qe5+ Kg8 40.Qe8+ Kg7 41.Ne5  1-0

[Event "Frauenbundesliga 2009-10"]
[Site "Germany GER"]
[Date "2009.11.08"]
[Round "2"]
[White "Lauterbach,I"]
[Black "Troyke,D"]
[Result "1/2-1/2"]
[WhiteElo "2163"]
[BlackElo "2105"]

1.e4 c5 2.Nf3 d6 3.Bb5+ Bd7 4.Bxd7+ Qxd7 5.c4 Nc6 6.Nc3 e6 7.d4 cxd4 8.Nxd4 Nf6
9.O-O Be7 10.Nde2 O-O 11.f3 Rac8 12.Be3 Rfd8 13.Re1 b6 14.Bf2 Qb7 15.Nf4 Nd7
16.Nd3 Bf6 17.Qd2 Nde5 18.b3 Nxd3 19.Qxd3 d5 20.exd5 exd5 21.Rad1 Bxc3 22.Qxc3 dxc4
23.Rxd8+ Rxd8 24.Qxc4 h6 25.Qe4 Qd7 26.Rc1 Nd4 27.Bxd4 Qxd4+ 28.Qxd4 Rxd4
29.Rc2 g6  1/2-1/2

[Event "TCh-AUT 2009-10"]
[Site "Jenbach AUT"]
[Date "2009.11.08"]
[Round "3"]
[White "Kuba,G"]
[Black "Bawart,M"]
[Result "1/2-1/2"]
[WhiteElo "2395"]
[BlackElo "2399"]

1.e4 c5 2.Nf3 d6 3.Bb5+ Nd7 4.d4 a6 5.Bxd7+ Bxd7 6.dxc5 dxc5 7.Ne5 Nf6 8.Nc3 Bg4
9.Qxd8+ Rxd8 10.Nxg4 Nxg4 11.Bf4 e6 12.f3 Nf6 13.Bc7 Rd7 14.Bb6 Be7 15.Na4 Rd4
16.Nxc5 Rb4 17.Ba7 Rxb2 18.Kd2 Bxc5 19.Bxc5 Rb5 20.Bd4 Ke7 21.Rab1 Rd8 22.Rxb5 axb5
23.Ke3 Rc8 24.Rb1 Rxc2 25.Rxb5 Rxa2 26.Rxb7+ Nd7 27.g4 f6 28.Bc5+ Kd8 29.Bd6 Ra6
30.Bb4 g5 31.f4 gxf4+ 32.Kxf4 Kc8 33.Rb5 Ra2 34.Rh5 Ne5 35.Bd6 Ng6+ 36.Ke3 Ra7
37.h3 e5 38.Rf5 Rf7 39.g5 Kd7 40.Bb4 Ke6 41.gxf6  1/2-1/2

[Event "USCL QF 2009"]
[Site "ICC INT"]
[Date "2009.11.11"]
[Round "1"]
[White "Chen,H"]
[Black "Rodriguez,Er"]
[Result "1/2-1/2"]
[WhiteElo "2201"]
[BlackElo "2245"]

1.e4 c5 2.Nf3 d6 3.Bb5+ Nd7 4.O-O a6 5.Bxd7+ Bxd7 6.d4 cxd4 7.Qxd4 Rc8 8.Nc3 e5
9.Qd3 h6 10.Rd1 Nf6 11.a4 Be7 12.h3 O-O 13.Be3 Be6 14.a5 Bc4 15.Qd2 Qc7 16.Bb6 Qc6
17.Qe3 Nd7 18.Ba7 f5 19.exf5 Rxf5 20.Qe4 Qxe4 21.Nxe4 Rc6 22.b3 Be6 23.c4 Rf8
24.Ne1 Nf6 25.Nxf6+ Bxf6 26.Nc2 Be7 27.Nb4 Rcc8 28.Nd5 Kf7 29.Rd3 Rc6 30.Rad1 Ke8
31.Bb8 Bxd5 32.Rxd5 Rf6 33.Ba7 Re6 34.Be3 Rc7 35.Bb6 Rc6 36.R1d3 Kf7 37.Kf1 Ke8
38.Ke2 Bd8 39.Be3 Be7 40.Rd1 Kf7 41.Kf3 Rf6+ 42.Ke4 Ke6 43.R1d3 Rf8 44.c5 Rfc8
45.Rd1 R8c7 46.cxd6 Bxd6 47.Bb6 Rf7 48.g3 h5 49.h4 g6 50.R1d3 Rf8 51.Rd1 Rf7
52.Be3 Rf5 53.f3 Rf7 54.R1d3 Bc7 55.Bc5 Rh7 56.b4 Rf7 57.Rd1 Rg7 58.R5d2 Rf7
59.Rd5 Rg7 60.Rb1 g5 61.b5 axb5 62.Rxb5 gxh4 63.gxh4 Rf7 64.Bb6 Bd6 65.Bd8 Rf4+
66.Ke3 Rc3+ 67.Rd3 Rxd3+ 68.Kxd3 Rxf3+ 69.Ke2 Rf7 70.Bg5 Rc7 71.Rb6 Kd5 72.a6 bxa6
73.Rxa6 Be7 74.Rh6 Bxg5 75.hxg5 Rg7 76.Rxh5 Ke4 77.Rh3 Rxg5 78.Ra3 Rg2+ 79.Ke1 Rb2
80.Kf1 Kf4 81.Ke1 e4 82.Kf1 Rh2 83.Ke1 Rg2 84.Kf1 Rg7 85.Ke1 Rd7 86.Ke2 Rg7
87.Ke1 e3 88.Ra8  1/2-1/2

[Event "USCL QF 2009"]
[Site "ICC INT"]
[Date "2009.11.11"]
[Round "1"]
[White "Moreno,Ale"]
[Black "Lee,Micha"]
[Result "1-0"]
[WhiteElo "2391"]
[BlackElo "2347"]

1.e4 c5 2.Nf3 d6 3.Bb5+ Bd7 4.Bxd7+ Qxd7 5.O-O Nc6 6.c3 d5 7.exd5 Qxd5 8.d4 Rd8
9.Qa4 e6 10.c4 Qd7 11.d5 exd5 12.cxd5 Nb4 13.Qxa7 Bd6 14.Nc3 Ne7 15.Be3 Na6
16.Qb6 O-O 17.Rad1 f5 18.Bg5 Nc8 19.Qb3 Rde8 20.Bc1 h6 21.Rfe1 b6 22.Nb5 Re4
23.Nxd6 Qxd6 24.Rxe4 fxe4 25.Nd2 Qf4 26.Rf1 Kh8 27.Nc4 Qf6 28.Qg3 Re8 29.d6 Nb8
30.b3 b5 31.Bb2 Qg5 32.Qh3 bxc4 33.d7 Nxd7 34.Qxd7 Qe7 35.Qxe7 Rxe7 36.Rd1 Kh7
37.bxc4 Nb6 38.Ba3 Rc7 39.Rc1 Nd7 40.Rc2 Ra7 41.Bc1 Ne5 42.Be3 Nd3 43.Kf1 Ra4
44.g4 Nb4 45.Rd2 Nxa2 46.Bxc5 Rxc4 47.Bf8 Nc3 48.Rd7 Kg8 49.Bxg7 Rc6 50.Be5 Na4
51.Rd4 Nc3 52.Rb4 e3 53.fxe3 Nd5 54.Rb8+ Kf7 55.Kf2 Ke6 56.Bd4 Rc2+ 57.Kg3 Kf7
58.Rb7+ Rc7 59.Rxc7+ Nxc7 60.Kf4 Ke6 61.Bg7 Nd5+ 62.Kf3 h5 63.gxh5 Ne7 64.e4 Kf7
65.Bd4 Nc6 66.Bc3 Nd8 67.Kg4 Ne6 68.Kf5 Nf8 69.h6 Nh7 70.Bg7  1-0

[Event "World Youth U18"]
[Site "Antalya TUR"]
[Date "2009.11.12"]
[Round "1"]
[White "Tiraturyan,D"]
[Black "Shukh,N"]
[Result "0-1"]
[WhiteElo "2158"]
[BlackElo "2438"]

1.e4 c5 2.Nf3 d6 3.Bb5+ Nd7 4.O-O Nf6 5.Re1 a6 6.Bxd7+ Nxd7 7.d4 e6 8.dxc5 Nxc5
9.Qd4 f6 10.a4 Be7 11.b4 Nd7 12.Nbd2 O-O 13.Qc4 Ne5 14.Qb3 Kh8 15.Bb2 Nxf3+
16.Nxf3 e5 17.Red1 Qe8 18.Nd2 f5 19.Nc4 Be6 20.exf5 Rxf5 21.Qd3 Qf8 22.f3 Rh5
23.Nb6 Rd8 24.Nd5 Bg5 25.Bc1 Bxc1 26.Raxc1 Bxd5 27.Qxd5 Qf4 28.h3 Qxb4 29.c4 Rh4
30.c5 Rd4 31.Rxd4 Qxd4+ 32.Qxd4 exd4 33.cxd6 h6 34.Rc7 d3 35.Rxb7 d2 36.Rb1 Rc8
37.d7 Rc1+ 38.Kh2 d1=Q 39.Rxc1 Qd6+ 40.Kh1 Qxd7 41.Rc4 Kh7 42.Rg4 h5 43.Re4 Qd5
44.Kh2 Kg6 45.Kg3 Kf5 46.Rf4+ Ke6 47.Re4+ Kd6 48.Kf2 Qd2+ 49.Kg3 Kd5 50.Kh2 a5
51.Rh4 Qg5 52.Re4 Qf5 53.Kg3 g5 54.h4 g4 55.Rf4 Qd3 56.Rf8 Kc4  0-1

[Event "World Youth U18"]
[Site "Antalya TUR"]
[Date "2009.11.12"]
[Round "1"]
[White "Shreyansh,D"]
[Black "Ter Sahakyan,S"]
[Result "1-0"]
[WhiteElo "2236"]
[BlackElo "2512"]

1.e4 c5 2.Nf3 d6 3.Bb5+ Nd7 4.c3 Nf6 5.Qe2 a6 6.Ba4 e6 7.O-O Be7 8.d4 b5
9.Bc2 Bb7 10.Rd1 O-O 11.Nbd2 cxd4 12.cxd4 Re8 13.Nf1 Rc8 14.Ng3 Bf8 15.a4 b4
16.a5 Rc7 17.Bd3 Qa8 18.Bd2 d5 19.e5 Ne4 20.Bxe4 dxe4 21.Ng5 Be7 22.N5xe4 Rc2
23.Rab1 Rec8 24.Qg4 g6 25.Bg5 Bf8 26.h4 Bd5 27.Rd3 Bc4 28.Rf3 Rc6 29.h5 Qe8
30.Re1 Rxb2 31.Bc1 Rb1 32.hxg6 fxg6 33.Nh5 Bg7 34.Nxg7 Kxg7 35.Bh6+ Kxh6
36.Rxb1 Qe7 37.Nf6 Kg7 38.Qh4 Kh8 39.Rh3 Nxf6 40.exf6 Qc7 41.Qh6 Qf7 42.Rxb4 Bb5
43.Qf4 Rc8 44.Rbb3 Rf8 45.Qh6 Rg8 46.Qxh7+  1-0

[Event "World Youth U18"]
[Site "Antalya TUR"]
[Date "2009.11.14"]
[Round "3"]
[White "Larmuseau,Ma"]
[Black "Anton,T"]
[Result "0-1"]
[WhiteElo "2160"]
[BlackElo "2363"]

1.e4 c5 2.Nf3 d6 3.Bb5+ Nd7 4.c3 Nf6 5.Qe2 a6 6.Ba4 b5 7.Bc2 Bb7 8.d3 e5
9.O-O Be7 10.h3 O-O 11.Bg5 Re8 12.Nbd2 h6 13.Bh4 Nf8 14.Rfd1 Nh5 15.Bxe7 Qxe7
16.g3 Ng6 17.Nf1 Qd7 18.h4 d5 19.Ne3 Nf6 20.Bb3 d4 21.Nf5 Rad8 22.c4 Qc7
23.Rdc1 Ne7 24.Nxe7+ Qxe7 25.cxb5 axb5 26.Nd2 Nd7 27.a4 c4 28.dxc4 b4 29.c5 Nxc5
30.Bc4 d3 31.Qe3 Rd4 32.f3 Rf8 33.a5 Ba6 34.Bxa6 Nxa6 35.Rc6 Nb8 36.Rb6 Qc7
37.Qe1 Nd7 38.Rb5 Qc6 39.Rd5 Rxd5 40.exd5 Qxd5 41.Qe3 f5 42.a6 Nf6 43.a7 e4
44.Qb6 Re8 45.Ra5 Qa8 46.Nc4 exf3 47.Rxf5 Ng4 48.Nd2 f2+ 49.Rxf2 Nxf2  0-1

[Event "Las Americas Open"]
[Site "Medellin COL"]
[Date "2009.11.14"]
[Round "5"]
[White "Tovio,I"]
[Black "Hernandez,Elve"]
[Result "1-0"]
[WhiteElo "2299"]
[BlackElo "2098"]

1.e4 c5 2.Nf3 d6 3.Bb5+ Bd7 4.Bxd7+ Qxd7 5.O-O Nc6 6.c3 Nf6 7.Re1 e5 8.d4 cxd4
9.cxd4 exd4 10.Nxd4 Nxd4 11.Qxd4 Be7 12.Nc3 O-O 13.Bf4 Rfd8 14.Rad1 Qe6 15.h3 Nh5
16.Bh2 Bf6 17.Qd5 Bxc3 18.bxc3 Qxd5 19.Rxd5 Nf6 20.Rxd6 Rdc8 21.Be5 Ne8 22.Rd7 f6
23.Bd4 Rc7 24.Rxc7 Nxc7 25.a4 b6 26.f3 Ne6 27.a5 Rd8 28.axb6 Nxd4 29.cxd4 Rxd4
30.bxa7 Ra4 31.Rb1 Rxa7 32.Rb2 Kf7 33.Kf2 Rc7 34.h4 Ra7 35.h5 g6 36.Rb5 Kg7
37.Kg3 Rc7 38.Kf4 Ra7 39.g4 g5+ 40.Kf5 h6 41.Rb6 Ra5+ 42.Ke6 Re5+ 43.Kd6 Kg8
44.Rb7 Kf8 45.Rh7 Ra5 46.Ke6 Ra6+ 47.Kf5 Ra3 48.Rxh6 Rxf3+ 49.Ke6 Rf4 50.Rxf6+ Ke8
51.Rg6  1-0

[Event "Bundesliga 2009-10"]
[Site "Muelheim GER"]
[Date "2009.11.14"]
[Round "3"]
[White "Smeets,J"]
[Black "Vachier Lagrave,M"]
[Result "1/2-1/2"]
[WhiteElo "2642"]
[BlackElo "2718"]

1.e4 c5 2.Nf3 d6 3.Bb5+ Bd7 4.Bxd7+ Qxd7 5.O-O Nf6 6.Qe2 Nc6 7.c3 e6 8.d4 cxd4
9.cxd4 d5 10.e5 Ne4 11.Be3 Be7 12.Ne1 f6 13.f3 Ng5 14.Nd3 O-O 15.Nd2 fxe5
16.dxe5 Nf7 17.f4 Nh6 18.Nf3 Qe8 19.Rac1 Rc8 20.a3 Qg6 21.b4 Ng4 22.Bc5 Bxc5+
23.Rxc5 Nh6  1/2-1/2

[Event "World Youth U18"]
[Site "Antalya TUR"]
[Date "2009.11.15"]
[Round "4"]
[White "Janev,P"]
[Black "Adair,J"]
[Result "1/2-1/2"]
[WhiteElo "1990"]
[BlackElo "2188"]

1.e4 c5 2.Nf3 d6 3.Bb5+ Bd7 4.Bxd7+ Qxd7 5.O-O Nf6 6.Qe2 Nc6 7.b3 e6 8.Bb2 Be7
9.c4 O-O 10.Nc3 Ng4 11.Ne1 Nge5 12.f4 Nd4 13.Qd1 Nec6 14.Ne2 Bf6 15.Nxd4 Bxd4+
16.Bxd4 Nxd4 17.Nf3 Nxf3+ 18.Qxf3 b5 19.Rac1 a5 20.Qd3 bxc4 21.bxc4 Rfb8
22.f5 Rb2 23.f6 g6 24.Qe3 Qd8 25.h4 Kh8 26.Rb1 Rxb1 27.Rxb1 Qxf6 28.Rb3 Kg7
29.g3 Qa1+ 30.Kh2 h5 31.Qf4 Qf6 32.a4 Rd8 33.Kg2 d5 34.cxd5 exd5 35.e5 Qe6
36.Rb5 c4 37.Qd4 Qg4 38.Qxg4 hxg4 39.Rxa5 d4 40.Rc5 c3 41.Kf2 cxd2 42.Ke2 Rb8
43.Rc7 Re8 44.Kxd2 Rxe5 45.Rc1 Ra5 46.Rc4 f5 47.Rxd4 Kf6 48.Kc3 Ke5 49.Rb4 Ra8
50.Kb3 Rd8 51.a5 Rd3+ 52.Kb2 Rd2+ 53.Kb3  1/2-1/2

[Event "TCh-FIN 2009-10"]
[Site "Finland FIN"]
[Date "2009.11.15"]
[Round "5"]
[White "Kivijarvi,J"]
[Black "Johansson,Ju"]
[Result "0-1"]
[WhiteElo "2231"]
[BlackElo "2115"]

1.e4 c5 2.Nf3 d6 3.Bb5+ Nc6 4.O-O Bd7 5.Re1 Nf6 6.c3 a6 7.Bf1 Bg4 8.d3 e6
9.Nbd2 Be7 10.h3 Bh5 11.g4 Bg6 12.Nh4 Nd7 13.Ng2 h5 14.Nf4 Bh4 15.Nxg6 fxg6
16.Nc4 Nde5 17.Nxe5 Nxe5 18.Bg2 hxg4 19.hxg4 Bxf2+ 20.Kxf2 Qh4+ 21.Ke3 Qg3+
22.Bf3 Nxf3 23.Rf1 Nd4+  0-1

[Event "Waling Dijkstra GpA"]
[Site "Leeuwarden NED"]
[Date "2009.11.15"]
[Round "6"]
[White "Guliyev,N"]
[Black "Rusev,K"]
[Result "1-0"]
[WhiteElo "2514"]
[BlackElo "2537"]

1.e4 c5 2.Nf3 d6 3.Bb5+ Bd7 4.Bxd7+ Qxd7 5.O-O Nf6 6.Re1 Nc6 7.c3 e6 8.d4 cxd4
9.cxd4 d5 10.e5 Ne4 11.Nbd2 Nxd2 12.Bxd2 h6 13.Rc1 Be7 14.h4 a6 15.Rc3 O-O-O
16.h5 Kb8 17.Qe2 Rc8 18.Rec1 Na7 19.b3 Rxc3 20.Rxc3 g6 21.hxg6 fxg6 22.Ne1 Nc6
23.Nc2 Qe8 24.Qg4 Bd8 25.Rf3 g5 26.Bb4 Nxb4 27.Nxb4 h5 28.Qg3 Qg6 29.Rc3 Ba5
30.a3 Qb1+ 31.Kh2 Qb2 32.Rf3 Qxa3 33.Nd3 Bd2 34.Nc5 Qa1 35.Nxe6 Rc8 36.Nxg5 Rc1
37.e6+ Ka7 38.Qe5 Rh1+ 39.Kg3 Bxg5 40.Qxg5 Qxd4 41.Re3 h4+ 42.Kf3 h3 43.gxh3 Rxh3+
44.Kg2 Rh7 45.e7 Qd1 46.e8=Q Qh1+ 47.Kg3 Qg1+ 48.Kf4 Qxf2+ 49.Kg4 Qg1+ 50.Kf5 Qf2+
51.Qf4 Qb2 52.Qeb8+ Kb6 53.Re6+ Kb5 54.Qa4+  1-0

[Event "World Youth U18"]
[Site "Antalya TUR"]
[Date "2009.11.16"]
[Round "5"]
[White "Larmuseau,Ma"]
[Black "Kanakaris,G"]
[Result "0-1"]
[WhiteElo "2160"]
[BlackElo "2312"]

1.e4 c5 2.Nf3 d6 3.Bb5+ Bd7 4.Bxd7+ Nxd7 5.O-O Ngf6 6.Nc3 g6 7.d3 Bg7 8.Be3 O-O
9.Ng5 b5 10.f4 b4 11.Ne2 e6 12.h3 a5 13.Qe1 a4 14.a3 bxa3 15.bxa3 Rb8 16.Ra2 Qc7
17.Qh4 Rb7 18.Bc1 Re8 19.Bb2 Reb8 20.Bc3 Rb1 21.Ra1 Rxa1 22.Bxa1 h6 23.Nf3 c4
24.e5 Nd5 25.d4 c3 26.Qf2 Bf8 27.Nh4 Be7 28.f5 Bxh4 29.Qxh4 exf5 30.exd6 Qc4
31.Qe1 Ne3 32.Rf4 Nxc2 33.Qxc3 Qxc3 34.Bxc3 Nxa3 35.d5 Nb5 36.Bb4 Nf6 37.Rf3 Nxd5
38.Ba5 Nxd6 39.Ra3 Rb2 40.Nd4 Ne4 41.Rxa4 Ne3 42.Be1 Rxg2+ 43.Kh1 Rb2 44.Ra8+ Kh7
45.Ra1 Nc2 46.Nxc2 Rxc2 47.Kg1 f4 48.Ra7 Kg7 49.h4 f3  0-1

[Event "World Youth U18"]
[Site "Antalya TUR"]
[Date "2009.11.16"]
[Round "6"]
[White "Kocheev,A"]
[Black "Tiraturyan,D"]
[Result "1-0"]
[WhiteElo "2247"]
[BlackElo "2158"]

1.e4 c5 2.Nf3 d6 3.Bb5+ Bd7 4.Bxd7+ Nxd7 5.d4 cxd4 6.Qxd4 Ngf6 7.c4 g6 8.Nc3 Bg7
9.O-O O-O 10.Re1 a6 11.Bg5 Rb8 12.Qd2 Re8 13.Nd4 Qa5 14.Rac1 Rec8 15.b3 Nc5
16.f3 b5 17.cxb5 axb5 18.Ndxb5 Qa6 19.Be3 Nfd7 20.Red1 Ne5 21.Nd5 Bf8 22.Bxc5 dxc5
23.a4 c4 24.f4 Nd3 25.Rxc4 Rxc4 26.bxc4 Nc5 27.Qd4 Ne6 28.Qe5 Rb7 29.f5 Bg7
30.Qg3 Nc5 31.Nbc7 Qd6 32.f6  1-0

[Event "World Youth U18"]
[Site "Antalya TUR"]
[Date "2009.11.18"]
[Round "7"]
[White "Biryukov,M"]
[Black "Rasovic,U"]
[Result "1/2-1/2"]
[WhiteElo "2165"]
[BlackElo "1914"]

1.e4 c5 2.Nf3 d6 3.Bb5+ Bd7 4.Bxd7+ Nxd7 5.O-O e6 6.c3 g6 7.d4 Bg7 8.Re1 Ne7
9.Bf4 e5 10.dxe5 dxe5 11.Be3 O-O 12.Qd6 Nc8 13.Qd2 Qe7 14.Na3 Ncb6 15.Rad1 Rfd8
16.Qd6 Bf8 17.Qxe7 Bxe7 18.Rd2 a6 19.Red1 f6 20.b3 Kf7 21.Nb1 c4 22.b4 Ke6
23.Kf1 Na4 24.Ke2 Ndb6 25.Rxd8 Bxd8 26.Kd2 Nb2 27.Rf1 Bc7 28.Kc2 N6a4 29.Ne1 Rd8
30.Bc1 Nd3 31.Nxd3 Rxd3 32.Rd1 Rxd1 33.Kxd1 Kd6 34.Be3 Nb2+ 35.Kd2 Kc6 36.Na3 b5
37.Nc2 f5 38.f3 f4 39.Bc5 Bd6 40.Bg1 Bc7 41.Bc5 Bd8 42.Bf8 Bb6 43.Be7 Na4
44.Bf6 Kd6 45.Bh4 h6 46.Be1 Bg1 47.h3 Nb2 48.Ke2 Nd3 49.Bd2 Bf2 50.a4 Kc6
51.axb5+ axb5 52.Ne1 Bxe1 53.Bxe1 Nxe1 54.Kxe1 Kd6 55.Kf2 Ke6 56.g4 fxg3+
57.Kxg3 Kf7 58.Kh4 Kf6 59.Kg3 g5 60.Kh2 Kg6 61.Kg2 Kf6 62.Kh2 Kf7 63.Kg2 Kg6
64.Kh2  1/2-1/2

[Event "World Youth U18"]
[Site "Antalya TUR"]
[Date "2009.11.19"]
[Round "8"]
[White "Karayev,A"]
[Black "Sanchez Maya,S"]
[Result "1-0"]
[WhiteElo "2275"]
[BlackElo "2194"]

1.e4 c5 2.Nf3 d6 3.Bb5+ Nd7 4.c3 Nf6 5.Qe2 e6 6.d4 Qc7 7.O-O Be7 8.Nbd2 O-O
9.Bd3 e5 10.dxe5 Nxe5 11.Nxe5 dxe5 12.Nc4 Be6 13.Ne3 Rad8 14.c4 Ne8 15.b3 g6
16.Bb2 Bf6 17.Rae1 Bg7 18.Nd5 Bxd5 19.exd5 f6 20.f4 exf4 21.Bc1 g5 22.Qh5 Bh8
23.Bf5 Nd6 24.Be6+ Nf7 25.Rf3 Bg7 26.Rh3 h6 27.Qg6 Rfe8 28.Rxh6 Rxe6 29.dxe6 Ne5
30.Qh7+ Kf8 31.Rxf6+  1-0

[Event "World Youth U18"]
[Site "Antalya TUR"]
[Date "2009.11.21"]
[Round "10"]
[White "Tasdelen,D"]
[Black "Poleshchuk,D"]
[Result "0-1"]
[WhiteElo "2058"]
[BlackElo "2234"]

1.e4 c5 2.Nf3 d6 3.Bb5+ Bd7 4.Bxd7+ Qxd7 5.O-O Nf6 6.Re1 g6 7.c3 Bg7 8.d4 O-O
9.Bg5 Re8 10.Na3 cxd4 11.cxd4 Nc6 12.Qe2 Rac8 13.d5 Nb4 14.Rad1 Qa4 15.Nd4 Nd7
16.Nab5 Nc2 17.b3 Qxa2 18.Rc1 a6 19.Rxc2 Rxc2 20.Nxc2 h6 21.Bh4 g5 22.Bg3 axb5
23.Qxb5 Qxc2 24.Qxd7 Qc8 25.Qb5 Rd8 26.h4 Bf6 27.h5 Rd7 28.e5 dxe5 29.Bxe5 Bxe5
30.Rxe5 Qc1+ 31.Kh2 Qf4+ 32.Kg1 Qc1+ 33.Kh2 Qf4+ 34.Kg1 Qxe5 35.Qxd7 Qe1+
36.Kh2 Qb4 37.Qf5 Qxb3 38.f4 Qe3 39.fxg5 Qxg5 40.Qc8+ Kg7 41.Qxb7 Qxh5+ 42.Kg1 Qe5
43.Qb3 Qf4 44.Qc3+ Kg6 45.Qd3+ Kf6 46.Qc3+ Kf5 47.Qc8+ Kg5 48.Qd8 Qf6 49.Qg8+ Kf4
50.Qb8+ Qe5 51.Qf8 Kg3 52.Qg8+ Qg5 53.Qb8+ Kg4 54.Qc8+ Kf4 55.Qf8 Qf6 56.Qb8+ Ke4
57.Qb7 Ke5 58.Qb3 h5 59.Qc3+ Kxd5 60.Qa5+ Ke4 61.Qxh5 Qd4+ 62.Kf1 Qd3+ 63.Kf2 Qe3+
64.Kf1 Qf4+ 65.Kg1 e5 66.Qd1 Qe3+ 67.Kh2 f5 68.Qa4+ Qd4 69.Qc6+ Qd5 70.Qa4+ Ke3
71.Qa3+ Qd3 72.Qc5+ Kf4 73.Qb4+ e4 74.Qb8+ Ke3 75.Qg3+ Ke2 76.Qe5 e3 77.Qb2+ Kf1
78.Qc1+ Kf2 79.Qc5 f4 80.Qa7 Qd2 81.Qa1 Qe1 82.Qb2+ Kf1 83.Qf6 Qg3+ 84.Kh1  0-1

[Event "World Youth U18"]
[Site "Antalya TUR"]
[Date "2009.11.21"]
[Round "10"]
[White "Karayev,A"]
[Black "Tiraturyan,D"]
[Result "1-0"]
[WhiteElo "2275"]
[BlackElo "2158"]

1.e4 c5 2.Nf3 d6 3.Bb5+ Bd7 4.Bxd7+ Nxd7 5.O-O Ngf6 6.Qe2 e6 7.c3 Rc8 8.d4 cxd4
9.cxd4 Nb6 10.Nc3 Be7 11.a4 O-O 12.Bg5 d5 13.Bxf6 Bxf6 14.e5 Be7 15.a5 Nc4
16.a6 Qb6 17.Na4 Qb4 18.axb7 Qxb7 19.h4 Na5 20.Nc5 Bxc5 21.Rxa5 Bb6 22.Ra3 Qc6
23.Rc3 Qa4 24.Qd3 h6 25.Rfc1 Rxc3 26.Qxc3 Qb5 27.Rc2 Rb8 28.g4 Ba5 29.Qa3 Qb3
30.Rc8+ Kh7 31.Rxb8 Qxb8 32.Qxa5 Qxb2 33.Qxa7 Qb1+ 34.Kg2 Kg8 35.Qa8+ Kh7
36.Qe8  1-0

[Event "IV Open"]
[Site "Palma ESP"]
[Date "2009.11.21"]
[Round "1"]
[White "Rozentalis,E"]
[Black "Ocantos,M"]
[Result "1-0"]
[WhiteElo "2611"]
[BlackElo "2161"]

1.e4 c5 2.Nf3 d6 3.Bb5+ Bd7 4.Bxd7+ Qxd7 5.O-O Nc6 6.d3 e6 7.Ng5 h6 8.Nh3 Nf6
9.f4 O-O-O 10.a3 d5 11.e5 Ne8 12.c3 d4 13.c4 f6 14.b4 cxb4 15.axb4 Bxb4 16.Qb3 Rf8
17.Ba3 Be7 18.exf6 Nxf6 19.Nd2 Bxa3 20.Rxa3 g5 21.fxg5 hxg5 22.Nxg5 Ng4 23.Ndf3 Rf5
24.Rb1 Rf7 25.h4 Qd6 26.Ra2 Qg3 27.Ra3  1-0

[Event "World Youth U18"]
[Site "Antalya TUR"]
[Date "2009.11.22"]
[Round "11"]
[White "Biryukov,M"]
[Black "Arenas,D"]
[Result "0-1"]
[WhiteElo "2165"]
[BlackElo "2333"]

1.e4 c5 2.Nf3 d6 3.Bb5+ Nd7 4.O-O a6 5.Bxd7+ Bxd7 6.Re1 Bg4 7.c3 Nf6 8.d4 cxd4
9.cxd4 e6 10.Nbd2 Be7 11.b3 O-O 12.Bb2 d5 13.e5 Nd7 14.Qe2 Qb6 15.Nf1 Nb8
16.Ng3 Nc6 17.Red1 f6 18.exf6 Rxf6 19.Rd3 Raf8 20.h3 Bxf3 21.gxf3 Bd6 22.Kg2 Ne7
23.Bc1 Ng6 24.Nh5 Nh4+ 25.Kh1 Rg6 26.Bd2 Qb5 27.a4 Qd7 28.Rg1 Rxg1+ 29.Kxg1 e5  0-1

[Event "UTD Invitational B"]
[Site "Dallas USA"]
[Date "2009.11.23"]
[Round "3"]
[White "Vazirova,K"]
[Black "Bayaraa,Z"]
[Result "0-1"]
[WhiteElo "2187"]
[BlackElo "2194"]

1.e4 c5 2.Nf3 d6 3.Bb5+ Bd7 4.Bxd7+ Qxd7 5.c4 Qg4 6.O-O Qxe4 7.d4 cxd4 8.Re1 Qg4
9.h3 Qd7 10.Nxd4 Nc6 11.Nc3 Nf6 12.Ncb5 e5 13.f4 Be7 14.Nf3 O-O 15.fxe5 dxe5
16.Bg5 Bc5+ 17.Kh1 Qf5 18.Bxf6 Qxf6 19.Nc7 Rad8 20.Nd5 Qd6 21.a3 Bd4 22.Nxd4 Nxd4
23.a4 f6 24.Qd3 Ne6 25.Rad1 Nd4 26.Qg3 Kh8 27.Re4 Qc5 28.Qd3 Rc8 29.b3 Qa3
30.Rb1 Rce8 31.Rh4 f5 32.Qg3 Qd6 33.Re1 Re6 34.Qd3 Nc6 35.Qe2 Rh6 36.Rxh6 Qxh6
37.Qf2 f4 38.b4 Qg5 39.Qc5 Kg8 40.b5 f3 41.g4 Qh4  0-1